Schach: lass dich nicht schlagen #5 - Sudden Death - Statistiken

Allgemein
  • Dieses Quiz wurde 208 mal gespielt
  • Das Durchschnittsergebnis liegt bei 12 aus 26
Answers on the Grid
Answers color-coded by a green-red scale on the quiz's grid according to % correct below.
a8
b8
g8
h8
a7
b7
c7
d7
e7
f7
g7
h7
a6
c6
d6
e6
f6
h6
a5
b5
c5
d5
e5
f5
g5
h5
a4
b4
c4
f4
g4
h4
a3
b3
c3
f3
g3
h3
a2
b2
c2
d2
e2
f2
g2
h2
a1
b1
c1
d1
e1
f1
g1
h1
 
Antwortstatistiken
Antwort % Korrekt
d1
64%
e1
63%
d2
61%
e2
59%
c1
56%
f1
55%
b1
53%
b8
52%
g1
51%
g8
50%
c2
47%
f2
47%
h2
47%
h7
45%
a2
44%
g3
44%
b3
43%
g5
43%
a7
42%
f4
42%
b5
41%
c4
40%
h4
40%
a4
38%
f7
35%
c7
34%
Keine übereinstimmenden Quizze gefunden
Verteilung der Resultate
Anzahl Personen mit jedem Resultat
Perzentil nach korrekt beantworteten Fragen
Ihre Resultats-Entwicklung
Sie haben dieses Quiz noch nicht gespielt